Cómo triunfar... : (Registro nro. 7168)

Detalles MARC
000 -LIDER
fixed length control field 01349nam a2200313 a 4500
001 - NÚMERO DE CONTROL
Identificador de número de control 000000118
003 - IDENTIFICACDOR DE NÚMERO DE CONTROL
control field 000000118
005 - DATE AND TIME OF LATEST TRANSACTION
control field 20180316152535.0
008 - ELEMENTOS DE LONGITUD FIJA
fixed length control field 081126s2008 dr 001 0 spa d
020 ## - ISBN
International Standard Book Number 9789945452037
020 ## - ISBN
International Standard Book Number 9945452037
040 ## - FUENTE DE CATALOGACIÓN
Agencia que crea de manera original el registro BPMSU
Idioma de catalogación spa
Agencia que realiza la transcripción BPMSU
082 04 - NÚMERO DE CLASIFICACIÓN DECIMAL DE DEWEY
Classification number 158.1
Item number A185c
100 1# - ASIENTO PRINCIPAL -- NOMBRE PERSONAL
Nombre personal Acosta King, Héctor
Fechas asociadas con el nombre 1951-
245 10 - MENCIÓN DE TITULO
Título Cómo triunfar... :
Subtítulo a pesar de todo /
Mención de responsabilidad Héctor Acosta King.
260 ## - PUBLICACIÓN, DISTRIBUCIÓN, ETC. (PIE DE IMPRENTA)
Lugar de publicación, distribución, etc Santo Domingo :
Nombre del editor, distribuidor, etc. El Nuevo Diario,
Fecha de publicación, distribución, etc 2008.
300 ## - DESCRIPCIÓN FÍSICA
Extensión xiv, 211 p. ;
Dimensiones 20 cm.
500 ## - NOTA GENERAL
Nota general Incluye datos biográficos del autor en la solapa de la cubierta
505 0# - NOTA DE CONTENIDO
Texto normalizado de contenido Presentación -- Prólogo -- Introducción -- Cómo adquirí madurez psicológica -- Círculo vicioso -- Ilusión y espejismo -- Metas -- Comunicar -- Conocimiento -- Autoestima -- Simplificar -- La actitud -- Trabajar -- Detalles que hicieron grande a los grandes triunfadores -- Hombres que cambiaron la visión del mundo -- Gente que triunfó a pesar de sus limitaciones.
590 ## - NOTA LOCAL
Texto de la nota local La biblioteca posee 3 ejemplar autografiados por el autor
650 #4 - ENCABEZAMIENTO DE MATERIA--TEMÁTICO
Término temático o nombre geográfico como elemento de entrada ÉXITO
650 #4 - ENCABEZAMIENTO DE MATERIA--TEMÁTICO
Término temático o nombre geográfico como elemento de entrada AUTOESTIMA
650 #4 - ENCABEZAMIENTO DE MATERIA--TEMÁTICO
Término temático o nombre geográfico como elemento de entrada PERSONALIDAD
650 #4 - ENCABEZAMIENTO DE MATERIA--TEMÁTICO
Término temático o nombre geográfico como elemento de entrada CONDUCTA (ÉTICA)
910 ## - VALIDACIÓN
Validación Validado. Control de calidad MFF
942 ## - ADDED ENTRY ELEMENTS (KOHA)
Source of classification or shelving scheme Dewey Decimal Classification
Koha item type Libros
945 ## - INFORMACIÓN DE PROCESAMIENTO LOCAL
Información de procesamiento local Remanejado para la BNPHU, 2018 / BT
956 ## - LOCAL ELECTRONIC LOCATION AND ACCESS (OCLC)
Nombre de host VMATEO
Número de acceso 10
Información de compresión 20150923
Inicio de sesión BPMSU
Procesador de solicitud 0069
Existencias
Withdrawn status Lost status Source of classification or shelving scheme Damaged status Not for loan Collection code Home library Current library Date acquired Total Checkouts Full call number Barcode Date last seen Price effective from Koha item type
    Dewey Decimal Classification     Colección Dominicana Biblioteca Pública Metropolitana Salomé Ureña Biblioteca Pública Metropolitana Salomé Ureña 07/15/2014   158.1 A185c BPMSU15040592 07/15/2014 07/15/2014 Libros